Представление документа в формате RUSMARC

ПолеНазваниеЗначение
  Тип записи a
  Библиографический уровень m
001 Контрольный номер RU/УОНБ/EK/497096013
005 Дата корректировки 20250520121948.6
010 Индекс ISBN __
a ISBN 978-5-373-04308-3
d Цена 366 р.
9 Тираж 2000 экз.
b Уточнения в пер.
021 № государственной регистрации __
a Код страны RU
b № документа 14-47016
100 Данные общей обработки __
a Данные общей обработки 20110704d2014 u y|rus|0189 ||
101 Язык документа 0_
a Язык текста rus
102 Страна публикации __
a Страна публикации RU
105 Кодированные данные (монография) __
a Кодированные данные (монография) a z 000ay
200 Заглавие и сведения об ответственности 1_
a Заглавие Три любви Петра Великого
e Сведения, относящиеся к заглавию [роман]
f Первые сведения об ответственности Д. Гранин
210 Выходные данные 1_
a Место издания Москва
c Издательство ОЛМА Медиа Групп
d Дата издания 2014
215 Физическое описание __
a Объем 509, [1] с.
c Иллюстрации/тип воспроизводства ил., портр.
d Формат 21 см
333 Примечание о целевом назначении __
a Примечание о целевом назначении 12+
600 Персоналии _0
a Персоналии (Фамилия) Петр I (имп.)
c Дополнение к имени Великий
d Римские цифры I
f Даты 1672-1725
606 Тематические рубрики 0_
a Основная рубрика Исторические романы и рассказы (х. л.)
610 Ключевые слова 0_
a Ключевые слова Петр I
610 Ключевые слова 0_
a Ключевые слова романы исторические русские
686 Индексы других классификаций __
a Классификационный индекс 84Р2-42
2 Код системы rubbk
700 Автор _1
a Фамилия Гранин
b Имя (инициалы) Д.А.
g Полное личное имя Даниил Александрович
f Даты 1919-
801 Источник записи _0
a Страна RU
b Организация RuMoRKP
c Дата составления 20110704
g Правила каталогизации RCR
801 Источник записи _2
a Страна RU
b Организация РГБ
c Дата составления 20140623
g Правила каталогизации rcr
801 Источник записи _1
a Страна RU
b Организация Ульяновская ОНБ
c Дата составления 20151002
2 Код формата rusmarc
901 Тип документа __
t Тип документа m
909 Создатель записи __
a Создатель записи Горбункова
b Дата создания записи 20151210
938 Служебная информация __
a Имя БД books
b Имя библиотеки УОНБ
c Имя АИБС МАРК-SQL
d Номер DOC_ID в БД 316611